« Retourner aux résultats de recherche
Dessert
| Auteur principal: | Patricia Lyfoung Illustrateur |
|---|---|
| D'autres auteurs: | Karina auteur de bandes dessinées |
| Support: | Livres |
| Langue: | Francais |
| Publié: |
DL 2016 Delcourt Lausanne |
| Series: |
Un prince à croquer |
| Genre: |
Bande Dessinée enfant ado |
| Collection: |
Un prince à croquer |
| Sujets: | |
| Étiquettes: |
Ajouter
Pas de Tags !
|
| LEADER | 01254nam0a2200229 450 | ||
|---|---|---|---|
| 001 | 16838912 | ||
| 010 | |a 978-2-7560-4130-8 |b rel. |d 10,95 | ||
| 100 | |a 20160427d2026 u u0frey01 ba | ||
| 101 | 0 | |a fre | |
| 102 | |a FR | ||
| 200 | 0 | |a Dessert |f scénario & dessin, Patricia Lyfoung |g assistée de Karina - couleur, Fleur D... | |
| 207 | 1 | |a | |
| 210 | |a Lausanne |b 27, rue de la Borde |c Delcourt |d DL 2016 | ||
| 215 | |a 1 vol. (46 p.) |c ill. en coul. |d 30 cm | ||
| 225 | 1 | |a Un prince à croquer |v 4 | |
| 330 | |a Noa, alias Nicolas, alias le prince de Dulime, échappera-t-il à son destin ou bien fera-t-il face à ses responsabilités qui permettrait tout simplement à son royaume d'éviter la faillite ? Cela impliquerait de renoncer à cet amour grandissant entre lui et Margot, ainsi qu'à cette toute nouvelle vie de liberté dont il ignorait tout il n'y a pas si longtemps encore. Un dilemme pour le prince de Dulime ! | ||
| 461 | 0 | |t Un prince à croquer |v 4 | |
| 700 | 0 | |a Lyfoung |b Patricia |c Illustrateur |f 1977-.... |4 70 | |
| 702 | 0 | |a Karina |c auteur de bandes dessinées |f 19..-.... |4 205 | |
| 900 | |a Bande Dessinée enfant ado | ||
| 901 | |a Accessible au prêt | ||
| 995 | |a Bibliothèque |c Bibliothèque |f 024022228 |h 024022228 |k BD LYF |o p |q j |r az |e Bibliothèque | ||
